LEADER 01199nam--2200373---450- 001 990001219130203316 005 20050915115250.0 035 $a000121913 035 $aUSA01000121913 035 $a(ALEPH)000121913USA01 035 $a000121913 100 $a20031024d1957----km-y0itay0103----ba 101 0 $afre 102 $aFR 105 $a||||||||001yy 200 1 $a<> repetition ou l'amour puni$eavec une notice biographique, une notice historique et litteraire des notes explicatives des jugements un questionnaire et des sujets de dovoirs par Georges Lerminier$fJean Anouilh 210 $aParis$cLarousse$d1957 215 $a137 p.$d17 cm 410 0$12001 410 $12001 454 1$12001 461 1$1001-------$12001 700 1$aANOUILH,$bJean$0196483 702 1$aLERMINIER,$bGeorges 801 0$aIT$bsalbc$gISBD 912 $a990001219130203316 951 $aVI.4. Coll.18/ 70(II f D 1 324/158)$b1485 L.M.$cII f 959 $aBK 969 $aUMA 979 $aSIAV1$b10$c20031024$lUSA01$h1419 979 $aPATRY$b90$c20040406$lUSA01$h1727 979 $aCOPAT5$b90$c20050915$lUSA01$h1152 996 $aRépétition, ou L'amour puni$9291031 997 $aUNISA LEADER 02211nam 2200577 450 001 9910788886903321 005 20170821171725.0 010 $a1-4704-0709-4 035 $a(CKB)3360000000464483 035 $a(EBL)3113452 035 $a(SSID)ssj0000973920 035 $a(PQKBManifestationID)11603999 035 $a(PQKBTitleCode)TC0000973920 035 $a(PQKBWorkID)10984584 035 $a(PQKB)11767297 035 $a(MiAaPQ)EBC3113452 035 $a(RPAM)3785816 035 $a(PPN)195411803 035 $a(EXLCZ)993360000000464483 100 $a19840229h19841984 uy| 0 101 0 $aeng 135 $aur|n|---||||| 181 $ctxt 182 $cc 183 $acr 200 10$aSpecial values of Dirichlet series, monodromy, and the periods of automorphic forms /$fPeter Stiller 210 1$aProvidence, R.I., USA :$cAmerican Mathematical Society,$d[1984] 210 4$d©1984 215 $a1 online resource (122 p.) 225 1 $aMemoirs of the American Mathematical Society,$x0065-9266 ;$vnumber 299 300 $a"May 1984, volume 49, number 299 (first of 5 numbers)." 311 $a0-8218-2300-0 320 $aBibliography: pages 114-116. 327 $a""Table of Contents""; ""A?1. Introduction""; ""A?2. Periods of automorphic forms""; ""A?3. Locally split extensions of flat vector bundles""; ""A?3 bis. Automorphic forms attached to the symmetric powers of a second order differential equation and their periods""; ""A?4. Descent""; ""A?5. Differential equations associated to automorphic forms""; ""A?6. Examples"" 410 0$aMemoirs of the American Mathematical Society ;$vno. 299. 606 $aDirichlet series 606 $aAutomorphic forms 606 $aDifferential equations, Linear 615 0$aDirichlet series. 615 0$aAutomorphic forms. 615 0$aDifferential equations, Linear. 676 $a510 s 676 $a512/.7 700 $aStiller$b Peter$f1951-$01460056 801 0$bMiAaPQ 801 1$bMiAaPQ 801 2$bMiAaPQ 906 $aBOOK 912 $a9910788886903321 996 $aSpecial values of Dirichlet series, monodromy, and the periods of automorphic forms$93696226 997 $aUNINA LEADER 01024nam0-2200301 --450 001 9910987190703321 005 20250325120146.0 010 $a978-88-217-8448-4 100 $a20250325d2024----kmuy0itay5050 ba 101 0 $aita$cita 102 $aIT 105 $a 001yy 200 1 $aIntelligenza artificiale, blockchain e criptovalute$eartificial intelligence ACT, MICAR ed adeguamenti nazionali$fFulvio Sarzana di S. Ippolito, Massimiliano Nicotra 205 $a2. ed. 210 $aMilano$cWolters Kluwer$d2024 215 $aXIV, 239 p.$d24 cm 225 1 $aIPSOA manuali 300 $aConsultabile su www.lamiabiblioteca.com 676 $a332.0285$v23$zita 700 1$aSarzana di S. Ippolito,$bFulvio$0258656 701 1$aNicotra,$bMassimiliano$f<1970- >$0772650 801 0$aIT$bUNINA$gREICAT$2UNIMARC 901 $aBK 912 $a9910987190703321 952 $aVIII O 477$b2025/426$fFGBC 959 $aFGBC 996 $aIntelligenza artificiale, blockchain e criptovalute$94342125 997 $aUNINA